| 000 | 00775nam a2200253Ia 4500 | ||
|---|---|---|---|
| 008 | 191130s2009##################000#0#eng## | ||
| 020 | _a9780321500120 | ||
| 022 | _a2007060122 | ||
| 040 |
_aACL _cACL |
||
| 082 | _a650.01513 MIL | ||
| 100 | _aMiller, Charles David | ||
| 245 |
_aBusiness mathematics _cCharles D. Miller, Stanley A. Salzman, Gary Clendenen |
||
| 250 | _a11th ed | ||
| 260 |
_aBoston _bPearson / Addison Wesley _cc2009 |
||
| 300 | _axxvii, [82] p. : col. ill. ; 31 cm | ||
| 500 | _aIncludes index | ||
| 650 | _aBusiness mathematics | ||
| 650 | _aBusiness mathematics - Programmed instruction | ||
| 700 | _aClendenen, Gary | ||
| 700 | _aSalzman, Stanley A | ||
| 990 | _acb670e32ac10000c4ee3d766269b3a8e | ||
| 991 | _a362227 | ||
| 999 |
_c247927 _d247927 |
||